Geographic Groups of Nine #2 - Statistics

General Stats
  • This quiz has been taken 3,661 times
    2,585 since last reset
  • The average score is 38 of 71
Answer Stats
Hint Answer % Correct
Countries Bordering Germany Poland
95%
Countries that Start with P Poland
95%
Countries that Start with P Paraguay
94%
Spanish South American Countries Paraguay
94%
Countries that Start with P Peru
94%
Spanish South American Countries Peru
94%
States the Acela Train Passes Through New York
92%
Cities with the Most Skyscrapers New York City
92%
Spanish South American Countries Argentina
91%
Spanish South American Countries Chile
90%
Spanish South American Countries Colombia
90%
Countries Bordering Germany France
90%
Spanish South American Countries Uruguay
90%
Countries Bordering Germany Austria
89%
Spanish South American Countries Venezuela
89%
Spanish South American Countries Bolivia
88%
Spanish South American Countries Ecuador
87%
Countries Bordering Germany Belgium
86%
Countries Bordering Germany Netherlands
86%
Countries Bordering Germany Switzerland
86%
Countries Bordering Germany Denmark
83%
Countries Bordering Germany Luxembourg
82%
Countries Bordering Germany Czech Republic
80%
Cities with the Most Skyscrapers Dubai
71%
Cities with the Most Skyscrapers Tokyo
70%
Countries that Start with P Panama
68%
Countries that Start with P Palau
67%
Cities with the Most Skyscrapers Shanghai
65%
Countries that Start with P Pakistan
63%
Countries that Start with P Papua New Guinea
63%
Countries that Start with P Portugal
60%
Types of Streets Avenue
58%
Cities with the Most Skyscrapers Hong Kong
58%
Types of Streets Street
57%
Countries that Start with P Philippines
55%
States the Acela Train Passes Through New Jersey
53%
States the Acela Train Passes Through Pennsylvania
53%
Types of Streets Road
53%
Cities with the Most Skyscrapers Chicago
52%
States the Acela Train Passes Through Maryland
52%
Most Populous Islands Great Britain
51%
States the Acela Train Passes Through Massachusetts
51%
States the Acela Train Passes Through Connecticut
49%
Most Populous Islands Java
48%
States the Acela Train Passes Through Rhode Island
47%
States the Acela Train Passes Through Delaware
46%
Most Populous Islands Madagascar
45%
Most Populous Islands Honshu
42%
Most Populous Islands Borneo
41%
Types of Streets Boulevard
41%
Most Populous Islands Sumatra
35%
Types of Streets Lane
34%
Most Populous Islands Taiwan
31%
Cities with the Most Skyscrapers Guangzhou
25%
Language Groups Indo-European
23%
Most Populous Islands Luzon
22%
Types of Streets Drive
20%
Types of Streets Court
14%
Cities with the Most Skyscrapers Shenzhen
10%
Language Groups Malayo-Polynesian
9%
Most Populous Islands Mindanao
9%
Types of Streets Place
9%
Language Groups African
7%
Language Groups Japanese/Korean
6%
Language Groups Afro-Asiatic
5%
Language Groups Sino-Tibetan
5%
Types of Streets Terrace
5%
Cities with the Most Skyscrapers Chongqing
4%
Language Groups Amerindian
3%
Language Groups Dravidian
3%
Language Groups Ural-Asiatic
1%
No matching quizzes found
Score Distribution
Percent of People with Each Score
Percentile by Number Answered
Your Score History
You have not taken this quiz since the last reset